Регионална библиотека "Любен Каравелов" - Русе

Информационни технологии за ІІІ клас (Запис номер 147405)

MARC детайли
000 -Лидер
Контролно поле с фиксирана дължина 02754nam a2200469 c 4500
003 - Код на организацията, давaща контролен номер
Контролно поле BLK
005 - Дата и час на последна редакция
Контролно поле 20240911110256.0
008 - Елементи от данни с фиксирана дължина
fixed length control field 180410b bul|||||r ||||||| ||bul||
010 ## - Наследен системен номер
LC control number KNG00153615000
020 ## - Международен стандартен номер на книга ISBN
Международен стандартен номер на книга ISBN 978-954-9463-42-2
-- издат.: Изкуства
040 ## - Източник на каталожния запис
Идентификатор на билиотеката - собственик на записа BLK
041 ## - Код за език
Код за езика на текст/звукозапис или на отделно заглавие Български
Код за езика КДБФ Български
072 #7 - Код за тематичната категория
Код организация bullib
Код за тематична категория Н30
Текст Обществени науки Н
080 ## - УДК
Текстов определител УДК Информатика в основното училище
УДК код - определител по УДК 372.868.13
УДК определител (075.2)
УДК - код + определител 372.868.13(075.2)
100 ## - Редна дума - Автор
Автор Манев, Красимир Неделчев
R(LIN) 271214
139 ## - Редно поле
Редна дума Информационни технологии за ІІІ клас
Авторски знак Инф - И 73
245 10 - Сведения за заглавието
Заглавие Информационни технологии за ІІІ клас
Подзаглавни данни Уч. помагало
Редно поле (дума) Красимир Неделчев Манев; * Румяна Йорданова Папанчева; * Антон Иванов Моллов; * Бисерка Бончева Йовчева; * Коста Андреев Гъров; * Нели Милчева Манева; * Ангел Стоянов Ангелов; * Красимира Атанасова Димитрова; * Красимир Валентинов Харизанов.
257 ## - Страна на издаване
Страна на създаване/издаване България
260 ## - Област на издателските данни
-- София
Име на издателя, разпространителя и проч. Изкуства
Година на издаване 2009
Печатница София : Класик Дизайн
300 ## - Физическа характеристика
Страници 64 с.
Илюстрации и др. с цв. ил.
Размери/Мащаб 28 см
Съпровождащи материали CD
380 ## - Жанр
Жанр Обществени науки
500 ## - Общи забележки
Забележка Други авт.: Р. Папанчева, Ант. Моллов, Б. Йовчева, К. Гъров, Н. Манева, Анг. Ангелов, Кр. Димитрова, Кр. Харизанов. - Прил. със същото загл. и сигн. CD 3603.
650 #4 - Допълнително описание по предмет – тема
Основно описание – тема или топоним Информационни технологии - учебници за основни училища
9 (RLIN) 298936
653 ## - Ключова дума – ненормативна
Ключова дума информационни технологии
653 ## - Ключова дума – ненормативна
Ключова дума ІІІ кл.
653 ## - Ключова дума – ненормативна
Ключова дума учебни помагала
659 ## - Тематичен бюлетин
Тематичен бюлетин Н
700 1# - Други автори (авторска отговорност)
Лично име Папанчева, Румяна Йорданова
Автороска отговорност (Описва отношението между автора и произведението) *
9 (RLIN) 375640
700 1# - Други автори (авторска отговорност)
Лично име Моллов, Антон Иванов
Автороска отговорност (Описва отношението между автора и произведението) *
9 (RLIN) 375272
700 1# - Други автори (авторска отговорност)
Лично име Йовчева, Бисерка Бончева
Автороска отговорност (Описва отношението между автора и произведението) *
9 (RLIN) 380204
700 1# - Други автори (авторска отговорност)
Лично име Гъров, Коста Андреев
Автороска отговорност (Описва отношението между автора и произведението) *
9 (RLIN) 378179
700 1# - Други автори (авторска отговорност)
Лично име Манева, Нели Милчева
Автороска отговорност (Описва отношението между автора и произведението) *
9 (RLIN) 375726
700 1# - Други автори (авторска отговорност)
Лично име Ангелов, Ангел Стоянов
Автороска отговорност (Описва отношението между автора и произведението) *
9 (RLIN) 380205
700 1# - Други автори (авторска отговорност)
Лично име Димитрова, Красимира Атанасова
Автороска отговорност (Описва отношението между автора и произведението) *
9 (RLIN) 329621
700 1# - Други автори (авторска отговорност)
Лично име Харизанов, Красимир Валентинов
Автороска отговорност (Описва отношението между автора и произведението) *
9 (RLIN) 329620
852 ## - Местоположение
Форматна сигнатура Цб ІІ 19587
856 4# - Електронен адрес и достъп
Електронен формат pdf - файл
Път до файла /url/
856 4# - Електронен адрес и достъп
Електронен формат pdf - файл
Път до файла /url/
942 ## - АРТИКУЛИ
Вид на библиотечния материал Книги
Скрит в OPAC Не
944 ## - СЪЗДАВАНЕ И РЕДАКЦИЯ на ЗАПИСА
Създаване/Редакция Създаване
Дата на регистрацията/редакция 21.11.2013
Статус, дата на статуса Кети Илиева
Служител, извършил регистрацията/редакцията 30550
944 ## - СЪЗДАВАНЕ И РЕДАКЦИЯ на ЗАПИСА
Създаване/Редакция Редакция
Дата на регистрацията/редакция 10.06.2016
Статус, дата на статуса ф /
Служител, извършил регистрацията/редакцията Людмила_Стоянова
999 ## - СИСТЕМНИ КОНТРОЛНИ НОМЕРА
Koha biblionumber 147405
Koha biblioitemnumber 147405
Наличности
Код за отписване Код за изгубен артикул Код за повреда Коз за рестрикции Код за отдаване Артикулен № Име на библиотеката - собственик Име на библиотеката, в която се намира в момента Статус (Текущо местоположение) Дата на вписване в системата Местоположение - отдел Цена в лева Инвентарен номер Систематично азбучна сигнатура Баркод Номер на екземпляра Цена в евро Служебна бележка Служебен тип на артикула Източник на класификационната схема
  Не е изгубен Не е повреден без рестрикции ползва се в читалня 245081 Регионална библиотека "Любен Каравелов" Русе Регионална библиотека "Любен Каравелов" Русе Хранилище 2013-11-20 Хранилище 12.00 120000771910 Цб ІІ 19587 120000771910 1 6.14 Дост: Dp Вид: Д N: 45 Дата: 07.11.2012 Книги  
  Не е изгубен Не е повреден без рестрикции заемане за дома 245082 Регионална библиотека "Любен Каравелов" Русе Регионална библиотека "Любен Каравелов" Русе Детски отдел 2016-01-28 Детски отдел 12.00 120000797181 ДН 373.3.016/И 73 120000797181 2 6.14 Дост: DA Вид: А N: 4 Дата: 28.01.2016 Книги Universal Decimal Classification
Vip Innovations Ltd, Rousse, Bulgaria 2025